| 000 | 00558nam a22002057a 4500 | ||
|---|---|---|---|
| 003 | OSt | ||
| 005 | 20140311161021.0 | ||
| 008 | 130212t xxu||||| |||| 00| 0 eng d | ||
| 020 | _a9710605283 | ||
| 050 |
_aLB 2369 _b.Aq56 1998 |
||
| 100 | _aAquino, Gaudencio V. | ||
| 245 |
_aEssentials of research and thesis writing / _cGaudencio V. Aquino. |
||
| 260 |
_aQuezon City : _bPhoenix Publishing House, _c1998. |
||
| 300 |
_a196 p. : _bill. ; _c25 cm. |
||
| 521 | _aEDU | ||
| 942 |
_2lcc _cBK _kLOC |
||
| 999 |
_c18330 _d18330 |
||